01137nam a2200277 u 4500001000800000005001700008007001000025008004100035035001200076040001300088041000800101082000800109100004400117245006800161260003500229300001300264520040700277650001800684650002400702650002700726650002200753650002100775700004300796502001200839526000800851149496420260508092507.0co|||||||180521s2018 spa  a1494964 ccomduadb aspa 4a07010aVélez García, Luz María4auteaut10aTejer la ciudad una colcha de relatos del crochet en Medellín aMedellín :bAutor(a),c2018. a1 CD-ROM3 aRESUMEN: "Tejer la ciudad es un reportaje periodístico que narra los últimos cien años de tejido en Medellín a través de seis voces que abordan tres maneras de vivir el tejido: lo pedagógico, lo económico y lo artístico. Los testimonios que conforman el presente trabajo son, a su vez, presentados al lector en una colcha de relatos que presenta la mirada del tejido desde lo femenino." aTejido a mano aTejidos artesanales aFeminismo - Medellín aHistorias de vida 7aReportajes2lemb10aArias López, Beatriz Elena4thseths b123c13 a124